000 00611nam a2200193Ia 4500
003 GCL
008 140319s9999 xx 000 0 ara d
040 _aGCL /
_cGCL
082 0 4 _aق
_b962.32
_bهـ د
100 1 _aهيئة الاثار المصرية
245 1 0 _aدليل اثار محافظة الغربية /
_cهيئة الاثار المصرية
260 _a[S.N] :
_bهيئة الاثار المصرية
490 _a
650 0 4 _aمصر
650 0 4 _aالاثار الاسلامية
650 0 4 _aالاثار الفرعونية
650 0 4 _aمحافظة الغربية
942 _2ddc
_cBK
999 _c57823
_d57823